Soviet Union General Knowledge - Statistics

General Stats
  • This quiz has been taken 42 times
  • The average score is 4 of 15
Answer Stats
Hint Answer % Correct
What were astronauts called in the USSR? Cosmonaut
90%
How many republics were in the USSR? 15
80%
The war known as The Winter War was fought against what nation? Finland
75%
What is the current name of the former city known as Stalingrad? Volgograd
70%
Who was General secretary of the USSR for the shortest time? Konstantin Chernenko
25%
The Ukrainian famine of the 30's is more commonly known as what? Holodomor
23%
What novel by Boris Pasternak was banned upon release in Soviet times? Dr Zhivago
13%
What was a term to describe a peasant who had more than 8 acres of land? Kulak
13%
Joseph Stalin was from which Georgian city? Gori
10%
What date is Victory Day held? (month first) May 9th
10%
Who was the first woman in space? Valentina Tereshkova
10%
What building now used by the FSB was the former headquarters of the KGB? Lubyanka
5%
What word starting with the letter Z is a term for prisoners of the Gulag system? Zek
5%
What is the former name for the city Tbilisi? Teflis
3%
From ages 9-15 children could join what youth organisation similar to the scouts? Young Pioneers
0%
No matching quizzes found
Score Distribution
Percent of People with Each Score
Percentile by Number Answered
Your Score History
You have not taken this quiz